Govt. of
Madhya Pradesh

Normal view MARC view

Entry Personal Name

Number of records used in: 4

001 - CONTROL NUMBER

  • control field: 64459

003 - CONTROL NUMBER IDENTIFIER

  • control field: OSt

005 - DATE AND TIME OF LATEST TRANSACTION

  • control field: 20160611155425.0

008 - FIXED-LENGTH DATA ELEMENTS

  • fixed length control field: 160611|| aca||aabn | a|a d

040 ## - CATALOGING SOURCE

  • Original cataloging agency: OSt
  • Transcribing agency: OSt

100 ## - HEADING--PERSONAL NAME

  • Personal name: वत्‍स्‍य, सन्‍तराम

670 ## - SOURCE DATA FOUND

  • Source citation: Work cat.: (OSt)27190: वत्‍स्‍य, सन्‍तराम , महाभारत , 1979